000
00317nam a22001457a 4500
008
210527b ||||| |||| 00| 0 eng d
020
_a
2901560277636
041
_a
eng
080
_2
5th
_a
34
082
_a
34
100
_a
16
101
_a
JUR
245
_a
Practical Aviation Law
_c
Hamilton,J.S
942
_2
udc
_c
BK
999
_c
57697
_d
57697